000 00511nam a22001937a 4500
001 000012147
003 DO-SdBNP
005 20160525145306.0
008 160524b 1999 nyu xxu||||| |||| 00| 0 spa d
020 _a043914633X
040 _aBPMSU
_bspa
_cBPMSU
092 _axxxxx
_bxxxxx
100 1 _aMazer, Harry
245 1 0 _aThe wild kid /
_cHarry Mazer.
260 _aNew York :
_bScholastic,
_c1999.
300 _a103 p. ;
_c22 cm.
942 _2ddc
_cBK
956 _2LOPEREZ
_310
_620160524
_8BPMSU
_a00041
999 _c10212
_d10212